Amerika'da demokrasi / (Record no. 200426705)

MARC details
000 -LEADER
fixed length control field 01213nam a2200373 i 4500
003 - CONTROL NUMBER IDENTIFIER
control field TR-AnTOB
005 - DATE AND TIME OF LATEST TRANSACTION
control field 20190322123559.0
007 - PHYSICAL DESCRIPTION FIXED FIELD--GENERAL INFORMATION
fixed length control field ta
008 - FIXED-LENGTH DATA ELEMENTS--GENERAL INFORMATION
fixed length control field 160530s2016 tu a 000 0 tur d
020 ## - INTERNATIONAL STANDARD BOOK NUMBER
International Standard Book Number 9789750518911
040 ## - CATALOGING SOURCE
Original cataloging agency ITU
Language of cataloging eng
Transcribing agency ITU
Modifying agency TR-AnTOB
Description conventions rda
041 ## - LANGUAGE CODE
Language code of text/sound track or separate title Türkçe
049 ## - LOCAL HOLDINGS (OCLC)
Holding library ITUM
050 00 - LIBRARY OF CONGRESS CALL NUMBER
Classification number JK216
Item number .T63 2016
090 ## - LOCALLY ASSIGNED LC-TYPE CALL NUMBER (OCLC); LOCAL CALL NUMBER (RLIN)
Classification number (OCLC) (R) ; Classification number, CALL (RLIN) (NR) JK216
Local cutter number (OCLC) ; Book number/undivided call number, CALL (RLIN) .T63 2016
100 1# - MAIN ENTRY--PERSONAL NAME
Personal name Tocqueville, Alexis de,
Dates associated with a name 1805-1859,
Relator term aut
245 10 - TITLE STATEMENT
Title Amerika'da demokrasi /
Statement of responsibility, etc. Alexis de Tocqueville ; çeviren, Seçkin Sertdemir Özdemir.
246 31 - VARYING FORM OF TITLE
Title proper/short title De la démocratie en Amérique.
250 ## - EDITION STATEMENT
Edition statement Birinci baskı
264 #1 - PRODUCTION, PUBLICATION, DISTRIBUTION, MANUFACTURE, AND COPYRIGHT NOTICE
Place of production, publication, distribution, manufacture İstanbul :
Name of producer, publisher, distributor, manufacturer İletişim Yayıncılık,
Date of production, publication, distribution, manufacture, or copyright notice 2016.
Place of production, publication, distribution, manufacture Copyright 2016.
300 ## - PHYSICAL DESCRIPTION
Extent 784 pages ;
Other physical details illustrations,
Dimensions 22 cm
336 ## - CONTENT TYPE
Content type term text
Source rdacontent
337 ## - MEDIA TYPE
Media type term unmediated
Source rdamedia
338 ## - CARRIER TYPE
Carrier type term volume
Source rdacarrier
490 0# - SERIES STATEMENT
Series statement İletişim Yayınları ;
Volume/sequential designation 2270.
Series statement Politika dizisi ;
Volume/sequential designation 139.
530 ## - ADDITIONAL PHYSICAL FORM AVAILABLE NOTE
Additional physical form available note Karton kapak (paperback)
650 #0 - SUBJECT ADDED ENTRY--TOPICAL TERM
Topical term or geographic name entry element Democracy.
651 #0 - SUBJECT ADDED ENTRY--GEOGRAPHIC NAME
Geographic name United States
General subdivision Politics and government.
Geographic name United States
General subdivision Social conditions
Chronological subdivision To 1865.
700 1# - ADDED ENTRY--PERSONAL NAME
Personal name Özdemir, Seçkin Sertdemir,
Relator term çeviren.
942 ## - ADDED ENTRY ELEMENTS (KOHA)
Source of classification or shelving scheme Library of Congress Classification
Koha item type Book
Holdings
Withdrawn status Lost status Source of classification or shelving scheme Not for loan Collection code Home library Current library Shelving location Date acquired Source of acquisition Inventory number Total Checkouts Total Renewals Full call number Barcode Date last seen Date last checked out Copy number Date shelved Koha item type
    Library of Congress Classification Ödünç Verilebilir / Available Genel Koleksiyon Merkez Kütüphane Merkez Kütüphane Genel Koleksiyon / Main Collection 27/04/2017 Satın Alma / Purchase SUİ 1 1 JK216 .T63 2016 0054110 09/09/2022 29/07/2022 1 25/05/2017 Book
Devinim Yazılım Eğitim Danışmanlık tarafından Koha'nın orjinal sürümü uyarlanarak geliştirilip kurulmuştur.